00352nam a2200145Ia 4500008004100000020001400041041000800055082001500063100002100078245002700099250000600126260002100132300001800153650003500171210716s1986 xx 000 0 und d a805393277 aeng a519.5 TRIM aTriola, Mario F. aElementary statistics. a3 aCaliforniac1986 axviii,581,A82 aStatistical Mathematics(519.5)